Homeworking mení svet

Teoretické vymedzenie pojmov homeworking a teleworking. Príčiny premeny domácej práce. Práca doma a zmena životného štýlu.

Gespeichert in:
Bibliographische Detailangaben
1. Verfasser: Reiter, Leo
Format: Buchkapitel
Sprache:Slowakisch
Schlagworte:
Tags: Tag hinzufügen
Keine Tags, Fügen Sie das erste Tag hinzu!

MARC

LEADER 00000naa a2200000 4500
001 r038346
005 20231003081011.1
041 0 |a slo 
044 |a SK 
245 1 0 |a Homeworking mení svet  |c Leo Reiter 
520 |a Teoretické vymedzenie pojmov homeworking a teleworking. Príčiny premeny domácej práce. Práca doma a zmena životného štýlu. 
610 2 0 |a práca z domu 
610 2 0 |a technológie informačné 
610 2 0 |a počítače 
610 2 0 |a zodpovednosť pracovníka 
610 2 0 |a štýl životný 
610 2 0 |a konkurencia 
100 1 |a Reiter, Leo